ASOIAF Theories Quiz Stats

Quiz not verified by Sporcle

Also try: ASOIAF Theories
Challenge
Share
Tweet
Embed
Score 0/16 Timer 10:00
0 Plays Today
Description Theory % Correct
Jon is not a bastard child of Ned, but a child of Rhaegar and Lyanna.R + L = J
87.3%
Gregor and Sandor are both alive and will fight against eacg other in the upcoming trial by combat for Cersei.Cleganebowl
80.2%
The three Freys who disappeared where actually murdered and baked to pies by orders of Wyman Manderly.Frey pie
69.4%
Sandor is actually alive and has left behind his violent past and lives a life of solitude and silence.The Gravedigger Theory
63.3%
The bloody potion that Bran ate to activate his telepathic powers was made of Jojen.Jojen paste
58.6%
Tyrion is not a child of Tywin, but a child of Aerys II.A + J = T
46.6%
The northern houses are secretly trying to overthrow house Bolton and restore house Stark.The grand northern conspiracy
44.8%
Roose Bolton is immortal descendant of the others.The Bolt-On theory
43.5%
Description Theory % Correct
Howland Reed poses as the High Sparrow for some reason.HR=HS
35.2%
The ancestory sword of house dayne is actually the legendary sword of Azor Ahai.Dawn is Lightbringer
35.2%
Varys is descendant of Daemon Blackfyre by a female line and he shaves his head to keep his silverhair secret.Varys Blackfyre
31.5%
Young Griff is not a son of Rhaegar and Elia, but a descendant of Daemon Blackfyre by a female line and possibly son of Illyrio Mopatis.Aegon Blackfyre
31.2%
Many intermarriages were planned between the Lannister, Tully, Arryn, Stark, and Baratheon who would then strengthen their alliances and end or balance out the Targaryen dynasty.Southron ambitions
30.9%
Jon is the son of Brandon Stark and Ashara Dayne.B + A = J
28.7%
Euron Greyjoy is pretending to be Daario Naharis.Euron Greyjoy is Daario Naharis
27.5%
The maesters are behind the dying of dragons and stopping magic in the world etc.The Maester conspiracy
26.9%

You're not logged in!

Compare scores with friends on all Sporcle quizzes.
Join for Free
OR
Log In

You Might Also Like...

Show Comments

Extras

Top Quizzes Today


Score Distribution

Your Account Isn't Verified!

In order to create a playlist on Sporcle, you need to verify the email address you used during registration. Go to your Sporcle Settings to finish the process.

Report this User

Report this user for behavior that violates our Community Guidelines.

Details: